[Event "NRW Verbandsklasse Group2 1314"]
[Site "Nordrheinwestfalen"]
[Date "2013.11.03"]
[Round "3.8"]
[White "Klitscher, Roland"]
[Black "Wuebker, Paul Luca"]
[Result "1/2-1/2"]
[WhiteElo "1640"]
[BlackElo "1555"]
[PlyCount "101"]
[EventDate "2013.09.08"]
[EventType "team-tourn"]
[EventRounds "9"]
[EventCountry "GER"]
[SourceTitle "EXT 2020"]
[Source "ChessBase"]
[SourceDate "2019.10.17"]
[SourceVersion "1"]
[SourceVersionDate "2019.10.17"]
[SourceQuality "1"]
[WhiteTeam "Germania Kupferdreh"]
[BlackTeam "Castrop Rauxel II"]
[WhiteTeamCountry "GER"]
[BlackTeamCountry "GER"]

1. e4 c5 2. Nc3 g6 3. g3 Bg7 4. Bg2 Nc6 5. f4 d6 6. d3 Qc7 7. h3 Nf6 8. Nf3 0-0 9. 0-0 a6 10. g4 Rb8 11. Be3 b5 12. Qd2 Re8 13. Ne2 Bb7 14. c3 Na5 15. f5 c4 16. fxg6 fxg6 17. Ng5 cxd3 18. Qxd3 h6 19. e5 dxe5 20. Ne4 Qc4 21. Nxf6+ exf6 22. Qc2 Bxg2 23. Kxg2 Qc6+ 24. Kg3 Nc4 25. Bg1 e4 26. Nd4 Qd6+ 27. Kg2 e3 28. b3 Nd2 29. Rfe1 Qd5+ 30. Kg3 f5 31. Bxe3 Ne4+ 32. Kh2 Rbc8 33. Rad1 Be5+ 34. Kg1 Ng3 35. Kf2 Ne4+ 36. Kg1 Rxc3 37. Qg2 Kf7 38. Nxf5 Qc6 39. Nxh6+ Kg7 40. g5 Rc2 41. Re2 Rd8 42. Rxd8 Rc1+ 43. Bxc1 Qxc1+ 44. Qf1 Qxg5+ 45. Rg2 Qe3+ 46. Kh1 Qxh3+ 47. Kg1 Qe3+ 48. Kh1 Qh3+ 49. Kg1 Qe3+ 50. Kh1 Qh3+ 51. Kg1 1/2-1/2